Ultraman Series - Statistics

General Stats
  • This quiz has been taken 291 times
    101 since last reset
  • The average score is 20 of 30
Answer Stats
Years Answer % Correct
1966-1967 Ultraman
98%
2020 Ultraman Z
91%
1967-1968 Ultraseven
90%
1996-1997 Ultraman Tiga
85%
2015-2016 Ultraman X
85%
1973-1974 Ultraman Taro
81%
1972-1973 Ultraman Ace
80%
2013 Ultraman Ginga
78%
2006-2007 Ultraman Mebius
76%
2018 Ultraman R/B
76%
1974-1975 Ultraman Leo
75%
1998-1999 Ultraman Gaia
74%
1997-1998 Ultraman Dyna
73%
2016 Ultraman Orb
71%
1980-1981 Ultraman 80
70%
2001-2002 Ultraman Cosmos
70%
2017 Ultraman Geed
68%
2004-2005 Ultraman Nexus
64%
2005-2006 Ultraman Max
60%
2021-2022 Ultraman Trigger
59%
2019 Ultraman Taiga
56%
2024 Ultraman Arc
55%
2022-2023 Ultraman Decker
55%
2025 Ultraman Omega
55%
1971-1972 Return of Ultraman
51%
2023-2024 Ultraman Blazar
50%
2000-2001 Ultraman Neos
40%
2014 Ultraman Ginga S
36%
2007 Ultraseven X
25%
2016 Ultraman Orb: The Origin Saga
6%
No matching quizzes found
Score Distribution
Percent of People with Each Score
Percentile by Number Answered
Your Score History
You have not taken this quiz since the last reset